Normal view
MARC view
- Architects and builders
Entry Topical Term
001 - CONTROL NUMBER
- control field: 25348
003 - CONTROL NUMBER IDENTIFIER
- control field: NUST
005 - DATE AND TIME OF LATEST TRANSACTION
- control field: 20191107114550.0
008 - FIXED-LENGTH DATA ELEMENTS
- fixed length control field: 191107|| aca||aabn | a|a d
040 ## - CATALOGING SOURCE
- Original cataloging agency: NUST
- Transcribing agency: NUST
150 ## - HEADING--TOPICAL TERM
- Topical term or geographic name entry element: Architects and builders
670 ## - SOURCE DATA FOUND
- Source citation: Work cat.: (NUST)0: Loosemore, Martin, 1962- 1153, Responsible corporate strategy in construction and engineering :, 2011.
